MARC details
| 000 -CABECERA |
| campo de control de longitud fija |
01415nam a2200289 4500 |
| 005 - FECHA Y HORA DE LA ÚLTIMA TRANSACCIÓN |
| campo de control |
20240925064740.0 |
| 007 - CAMPO FIJO DE DESCRIPCIÓN FÍSICA--INFORMACIÓN GENERAL |
| campo de control de longitud fija |
cr |||aaa||||| |
| 008 - ELEMENTOS DE LONGITUD FIJA--INFORMACIÓN GENERAL |
| campo de control de longitud fija |
240711s2012 mx ||||go|||| 00| 0 spa d |
| 035 ## - NÚMERO DE CONTROL DEL SISTEMA |
| Número de control de sistema |
9786070230363 |
| 040 ## - FUENTE DE LA CATALOGACIÓN |
| Centro catalogador/agencia de origen |
MX-MxUPN |
| Lengua de catalogación |
spa |
| Centro/agencia transcriptor |
MX-MxUPN |
| Normas de descripción |
aacr2 |
| 041 ## - CÓDIGO DE IDIOMA |
| Código de lengua del texto/banda sonora o título independiente |
spa |
| 050 04 - SIGNATURA TOPOGRÁFICA DE LA BIBLIOTECA DEL CONGRESO |
| Número de clasificación |
K3585 |
| 100 1# - ASIENTO PRINCIPAL--NOMBRE PERSONAL |
| 9 (RLIN) |
52759 |
| Nombre de persona |
Nava Escudero, César |
| 245 ## - MENCIÓN DE TÍTULO |
| Título |
Ciencia, ambiente y derecho |
| Medio |
[recurso electrónico en línea] |
| 250 ## - MENCIÓN DE EDICIÓN |
| Mención de edición |
Primera edición |
| 260 ## - PUBLICACIÓN, DISTRIBUCIÓN, ETC. |
| Lugar de publicación, distribución, etc. |
México, D.F. : |
| Nombre del editor, distribuidor, etc. |
Universidad Nacional Autónoma de México, |
| Fecha de publicación, distribución, etc. |
2012. |
| 300 ## - DESCRIPCIÓN FÍSICA |
| Extensión |
1 recurso en línea (xviii, 306 páginas) |
| 490 ## - MENCIÓN DE SERIE |
| Mención de serie |
Serie estudios jurídicos ; |
| Designación de volumen o secuencia |
no.626 |
| 505 0# - NOTA DE CONTENIDO CON FORMATO PREESTABLECIDO |
| Título |
Capítulo primero. Del Big Bang al big crunch / |
| -- |
Capítulo segundo. El homo sapiens sapiens y la crisis ambiental / |
| -- |
Capitulo tercero. La procuración de alimentos / |
| -- |
Capítulo cuarto. La apropiación del medio natural / |
| -- |
Capítulo quinto. La creación del medio construido / |
| -- |
Capítulo sexto. Magia, religión y ciencia / |
| -- |
Capítulo séptimo. El pensamiento ambientalista / |
| -- |
Capítulo octavo.Construyendo el derecho ambiental. |
| 506 0# - NOTA DE RESTRICCIONES AL ACCESO |
| Limitaciones de acceso |
Acceso abierto. |
| 650 #2 - ASIENTO SECUNDARIO DE MATERIA - TERMINO TEMATICO |
| 9 (RLIN) |
9875 |
| Término de materia o nombre geográfico como elemento de entrada |
Ciencia |
| Subdivisión general |
Aspectos sociales |
| 650 #0 - ASIENTO SECUNDARIO DE MATERIA - TERMINO TEMATICO |
| 9 (RLIN) |
46997 |
| Término de materia o nombre geográfico como elemento de entrada |
Protección del medio ambiente |
| Subdivisión general |
Aspectos sociales |
| 650 #7 - ASIENTO SECUNDARIO DE MATERIA - TERMINO TEMATICO |
| Término de materia o nombre geográfico como elemento de entrada |
Política ambiental |
| Fuente del encabezamiento o término |
|
| 9 (RLIN) |
1340 |
| 856 40 - LOCALIZACIÓN Y ACCESO ELECTRÓNICOS |
| Identificador Uniforme del Recurso |
<a href="http://ru.juridicas.unam.mx/xmlui/handle/123456789/11980">http://ru.juridicas.unam.mx/xmlui/handle/123456789/11980</a> |
| 902 ## - ELEMENTOS DE DATOS B LOCAL, LDB (RLIN) |
| Modificó |
MaríaRobles/110724 |
| 942 ## - ELEMENTOS DE PUNTO DE ACCESO ADICIONAL (KOHA) |
| Fuente del sistema de clasificación o colocación |
Library of Congress Classification |
| Tipo de ítem Koha |
Libro Electrónico |